000
00288nam a22001337a 4500
008
181205b xxu||||| |||| 00| 0 eng d
020
_a
9780316792967
041
_a
eng
080
_a
616
100
_a
8
101
_a
SHM
245
_a
Manual Of Urology
_c
Siroki.M.B
942
_2
udc
_c
BK
999
_c
52907
_d
52907